1257 1240 1571 1163 1615 1440 1648 1559 1038 1229 1601 1002 1448 1028 1290 1745 1690 1082 1860 1504 1799 1956 1208 1087 1120 1181 1129 1144 1266 1984 1264 1104 1714 1214 1433 1047 1661 1677 1517 1117 1080 1359 1483 1786 1676 1306 1498 1894 1598 1785 1826 1261 1836 1356 1703 1991 1772 1993 1853 1003 1548 1468 1720 1258 1469 1348 1876 1782 1548 1064 1611 1034 1405 1637 1806 1787 1950 1400 1617 1987 1701 1382 1945 1287 1300 1743 1407 1293 1805 1071 1571 1965 1114 1189 1023 1818 1511 1300 1363 BCNSPRNW ULIB Ver.6.0+V

เปลี่ยนเป็นภาษาไทย

Change to English
 แสดงรายละเอียดบรรณานุกรม
  กลับหน้าหลัก

Brief Record : Get Marc (ISO 2709) : E-mail record : QR code < ปิดหน้าต่าง
LEADER : 00000nam 2200000uu 4500
001    13399113326
003     ULIB
008    110627s2553||||th 000 0 tha d
020    9789740435303
090    นว.^bณ429พ 2553
100 0  ณารา
245 00 เพลงรักเพลิงมายา/^cณารา
250    พิมพ์ครั้งที่ 7
260    กรุงเทพฯ :^bพิมพ์คำ,^c2553
300    422 หน้า
710 1  พิมพ์คำ
945    ^p250^l0^i028056
995    ทศพร
999 ^a ใช้งานได้ทุกระบบ
รายการนี้ยังไม่มีแท็ก
คุณยังไม่ได้ล็อกอิน คุณสามารถมีกิจกรรมร่วมกับเว็บไซต์ได้ แต่ต้องล็อกอินก่อน ::
  ล็อกอิน

รายการสื่อสารสนเทศ

ลำดับที่ ประเภท เลขเรียก/บาร์โค้ด สถานที่ สถานะ
- ไม่พบข้อมูล -

รายการใกล้เคียง
    ผู้แต่ง [ณารา]

BibComment


ยังไม่เคยถูกคอมเมนท์

คอมเมนท์ทรัพยากรรายการนี้
  คอมเมนท์: เพลงรักเพลิงมายา ..


 Copyright 2026. Bcnsprnw @Library